Monnaies d'Europe (Aléatoire) - Statistiques

Statistiques générales
  • Ce quiz a été pris 48 fois
    44 depuis la dernière actualisation
  • Le résultat moyen est 38 sur 47
Statistiques - réponses
Pays Monnaie % Correct
Lituanie Euro
100%
Portugal Euro
100%
Saint-Marin Euro
100%
Autriche Euro
96%
Chypre Euro
96%
Finlande Euro
96%
Irlande Euro
96%
Italie Euro
96%
Lettonie Euro
96%
Luxembourg Euro
96%
Monaco Euro
96%
Slovaquie Euro
96%
Norvège Couronne norvégienne
93%
Suède Couronne suédoise
93%
Allemagne Euro
93%
Espagne Euro
93%
Grèce Euro
93%
Malte Euro
93%
Pays-Bas Euro
93%
Slovénie Euro
93%
Vatican Euro
93%
Suisse Franc suisse
93%
Royaume-Uni Livre sterling
93%
Russie Rouble russe
93%
Danemark Couronne danoise
92%
Andorre Euro
92%
Belgique Euro
92%
Estonie Euro
92%
France Euro
92%
Croatie Euro
89%
Kosovo Euro
87%
Monténégro Euro
85%
Biélorussie Rouble biélorusse
85%
Liechtenstein Franc suisse
78%
Islande Couronne islandaise
77%
République Tchéque Couronne tchèque
67%
Pologne Złoty polonais
67%
Hongrie Forint hongrois
65%
Serbie Dinar serbe
56%
Roumanie Leu romain
56%
Albanie Lek albanais
54%
Bulgarie Lev bulgare
52%
Bosnie-Herzégovine Mark convertible
52%
Moldavie Leu moldave
48%
Macédoine du Nord Denar macédonien
33%
Arménie Dram arménien
31%
Ukraine Hryvnia ukrainienne
24%
Géorgie Lari géorgien
22%
Aucun quiz correspondant
Distribution des résultats
% des personnes avec chaque résultat
Percentile par nombre de réponses
Votre historique - résultats
Vous n’avez pas pris ce quiz depuis la dernière actualisation